000 00217nam a22000857a 4500
008 170130b xxu||||| |||| 00| 0 eng d
100 _92679
_aGilwell.L.B.P
245 _aAIDS t Scutmas tership
260 _aNew Delhi
_bBS
_c2006
999 _c5834
_d5834